000 00501nam a2200193 4500
010 _aB-215487
035 _aB-215487
037 _bCen Lib / Ret
040 _aDPL
_bEN
082 _aN
_bDES
100 _aDeshpande, Shashi
245 _aCollected stories /
_cby Shashi Deshpande
260 _aLondon
_bPenguin Book
_c2004
270 _aPenguin Book
_bLondon
300 _a(v 2. ix, 245p )
_b24cm(Hb)
650 _aEnglish stories
650 _aEnglish literature
942 _2ddc
_cEN
_hN
_mDES
999 _c136592
_d136592